Pracovný zošit k šlabikáru Lipka pre 1. ročník ZŠ

Bibliographic Details
Main Authors: Nemčíková, Margita (Author), Nemčík, Ján (Author)
Other Authors: Dicová-Ondrejková, Jarmila, 1940- (Illustrator)
Format: Book
Language:Slovak
PhysicalDescription:64 s. ilustr. 24 cm
Published: Bratislava Slovenské pedagogické nakladateľstvo 1998
ISBN:8008025182
Subjects:

MARC

LEADER 00000nam a2200000 a 4500
001 vtls001341608
003 SK-MaSNL
005 20260301200639.0
008 240315s1998 xo a r slo
015 |a SNBA1998/12-04293 
020 |a 8008025182 
035 |a SNK000294755 
035 |a urn:nbn:sk:snk-amki5x 
035 |a urn:nbn:sk:snk-am003tse 
035 |a 38912B48-82AD-4389-AC0A-886A1403B3BC 
040 |a SNK  |b slo  |c SNK  |e AACR2 
041 0 |a slo 
044 |a xo  |c SK 
080 |a 372.41(075.2)(076.5)  |2 1981 
100 1 |a Nemčíková, Margita  |4 aut  |9 7427 
245 1 0 |a Pracovný zošit k šlabikáru Lipka pre 1. ročník ZŠ  |c Margita Nemčíková, Ján Nemčík 
260 |a Bratislava  |b Slovenské pedagogické nakladateľstvo  |c 1998 
300 |a 64 s.  |b ilustr.  |c 24 cm 
500 |a Ilustr. na tit. strane 
500 |a Ilustr. Jarmila Dicová-Ondrejková 
650 0 7 |a čítanie  |x učebnice zákl. škôl (1. roč.)  |x zošity pracovné  |x šlabikáre  |2 SNK  |9 580111 
655 7 |a učebnice  |2 SNK  |9 22521 
700 1 |a Nemčík, Ján  |4 aut  |9 10959 
700 1 |a Dicová-Ondrejková, Jarmila,  |d 1940-  |4 ill  |9 98160 
919 |a 80-08-02518-2 
958 |a TL 
958 |a UX 
999 |c 891439  |d 893369 
952 |t P60, <03>, [BOOK], {603}  |a SNK  |b SNK  |y PREZ  |7 0  |p 17A0158330  |o snkSC 96657  |i snkKSP 8643/98  |0 0  |1 0  |4 0  |d 1998-09-17  |f 1  |l 0  |r 2025-09-16 00:00:00  |w 2026-02-24 
952 |t P60, <04>, [BOOK], {604}  |a SNK  |b SNK  |y VYP  |7 0  |p 17A0158329  |o snkSC 96657 D1  |i snkKSP 8644/98  |0 0  |1 0  |4 0  |d 1998-09-17  |l 0  |r 2005-01-02 00:00:00  |w 2026-02-24 
952 |t P60, <09>, [BOOK], {629}  |a SNK  |b SNK  |y NEVYP  |7 0  |o snkC 728  |i snk1369/980924  |0 0  |1 0  |4 0  |d 1998-09-23  |l 0  |r 2005-01-02 00:00:00  |w 2026-02-24